Bagua, pasado y futuro /
La experiencia de lucha y represión que han sufrido las poblaciones indígenas en la Amazonia Peruana es el tema del capítulo y su fuerte resistencia para la protección de este pulmón natural.
שמור ב:
| מחבר ראשי: | |
|---|---|
| פורמט: | Texto |
| נושאים: | |
| תגים: |
הוספת תג
אין תגיות, היה/י הראשונ/ה לתייג את הרשומה!
|
MARC
| LEADER | 00000 a a2200000 04500 | ||
|---|---|---|---|
| 001 | 41700 | ||
| 003 | |||
| 040 | |||
| 100 | |a Blanco, Hugo | ||
| 245 | |a Bagua, pasado y futuro / |c Hugo Blanco | ||
| 520 | |a La experiencia de lucha y represión que han sufrido las poblaciones indígenas en la Amazonia Peruana es el tema del capítulo y su fuerte resistencia para la protección de este pulmón natural. | ||
| 590 | |a RRA/AGOSTO2011 | ||
| 650 | |a 1.PROTECCION AMBIENTAL | ||
| 650 | |a 2.REPRESION | ||
| 650 | |a 3.POBLACION INDIGENA | ||
| 650 | |a 4.PERU | ||
| 650 | |a 5.REGION AMAZONICA | ||
| 773 | |g ( 2009), páginas 134-144 | ||
| 999 | |c 29614 |d 29614 | ||
